000 00254nam a2200097Ia 4500
001 687511
005 20250826161557.0
008 250824s9999 xx 000 0 und d
245 0 _aBİSİKLET YARIŞÇILARI
_cFERDA İZBUDAK AKINCI
260 _bTUDEM YAYINLARI
999 _c687511
_d687511